000 00419pab a2200169 454500
008 180718b2014 xxu||||| |||| 00| 0 eng d
100 _aAsthana, S.B.
245 _aUN peacekeeping operations: Relevance and Indian contribution?
260 _c2014
300 _ap.439-445.
362 _aJul-Sep
650 _aUnited Nations
650 _aPeacekeeping
773 _aUSI Journal
908 _aN
909 _a106266
999 _c106261
_d106261